[Event "POR-ch University"]
[Site "Guimaraes"]
[Date "2002.05.07"]
[Round "6.9"]
[White "Costa, Albino"]
[Black "Rodrigues, Rui"]
[Result "1-0"]
[WhiteElo "1591"]
[BlackElo "1610"]
[PlyCount "89"]
[EventDate "2002.05.06"]
[EventType "swiss"]
[EventRounds "11"]
[EventCountry "POR"]
[SourceTitle "CBM 088 Extra"]
[Source "ChessBase"]
[SourceDate "2002.07.01"]
[SourceVersion "2"]
[SourceVersionDate "2002.07.01"]
[SourceQuality "1"]

1. e4 c6 2. d4 d5 3. Nc3 dxe4 4. Nxe4 Bf5 5. Nc3 e6 6. Nf3 Nf6 7. Bg5 Be7 8. Bd3 Bxd3 9. Bxf6 Bxc2 10. Bxe7 Bxd1 11. Bxd8 Bxf3 12. gxf3 Kxd8 13. Ne4 Nd7 14. 0-0-0 Ke7 15. Nc5 Nxc5 16. dxc5 Rad8 17. a4 a5 18. Kc2 Rd5 19. Rxd5 cxd5 20. Rb1 Rc8 21. Kd3 Rxc5 22. b4 axb4 23. Rxb4 Rc7 24. h4 h6 25. h5 f5 26. f4 Kf6 27. Kd4 g5 28. hxg6 Kxg6 29. Ke5 Re7 30. a5 h5 31. Rb1 h4 32. Rg1+ Kf7 33. Rh1 Rd7 34. Rxh4 d4 35. Rh7+ Ke8 36. Rxd7 Kxd7 37. Kxd4 Kc6 38. Ke5 Kb5 39. Kxe6 Kxa5 40. Kxf5 b5 41. Ke4 Ka4 42. Kd3 b4 43. Kc2 Ka3 44. Kb1 Kb3 45. f5 1-0

[Event "POR-ch University"]
[Site "Guimaraes"]
[Date "2002.05.07"]
[Round "8.6"]
[White "Silva, Francisco"]
[Black "Rodrigues, Rui"]
[Result "1-0"]
[WhiteElo "1872"]
[BlackElo "1610"]
[PlyCount "77"]
[EventDate "2002.05.06"]
[EventType "swiss"]
[EventRounds "11"]
[EventCountry "POR"]
[SourceTitle "CBM 088 Extra"]
[Source "ChessBase"]
[SourceDate "2002.07.01"]
[SourceVersion "2"]
[SourceVersionDate "2002.07.01"]
[SourceQuality "1"]

1. e4 c6 2. d4 d5 3. e5 Bf5 4. Nf3 e6 5. Bd3 Bxd3 6. Qxd3 Qa5+ 7. c3 Qa6 8. Qc2 Nd7 9. Be3 Ne7 10. Nbd2 Nf5 11. Bf4 Be7 12. a4 0-0 13. g4 Nh4 14. Nxh4 Bxh4 15. g5 c5 16. Nf3 Bxf2+ 17. Qxf2 cxd4 18. Nxd4 Qd3 19. h4 Qe4+ 20. Kd2 Nxe5 21. Rae1 Qd3+ 22. Kc1 Qxc3+ 23. bxc3 Nd3+ 24. Kd2 Nxf2 25. Rh2 Ne4+ 26. Ke3 Nxc3 27. h5 Rfe8 28. Be5 Nxa4 29. Nb5 Rf8 30. Nc7 Nc5 31. Nxa8 Rxa8 32. Rc1 b6 33. Rhc2 a5 34. Bc7 d4+ 35. Kxd4 Nb3+ 36. Kc3 Nxc1 37. Rxc1 Rc8 38. Kb2 Kf8 39. Bd6+ 1-0

[Event "POR-ch University"]
[Site "Guimaraes"]
[Date "2002.05.06"]
[Round "1.5"]
[White "Fernandes, Emanuel Jose Antune"]
[Black "Rodrigues, Rui"]
[Result "1-0"]
[WhiteElo "1939"]
[BlackElo "1610"]
[PlyCount "105"]
[EventDate "2002.05.06"]
[EventType "swiss"]
[EventRounds "11"]
[EventCountry "POR"]
[SourceTitle "CBM 088 Extra"]
[Source "ChessBase"]
[SourceDate "2002.07.01"]
[SourceVersion "2"]
[SourceVersionDate "2002.07.01"]
[SourceQuality "1"]

1. d4 d5 2. c4 e6 3. cxd5 exd5 4. Nc3 Nf6 5. Bg5 Nbd7 6. e3 c6 7. Nf3 Qa5 8. Bd3 Bb4 9. Qb3 Bxc3+ 10. Qxc3 Qxc3+ 11. bxc3 0-0 12. 0-0 h6 13. Bh4 Nb6 14. Bxf6 gxf6 15. Rfc1 Be6 16. Nd2 Rac8 17. c4 dxc4 18. Nxc4 Nxc4 19. Bxc4 f5 20. Rab1 Rc7 21. Kf1 Rd8 22. Rc2 b6 23. Rbc1 c5 24. Bxe6 fxe6 25. dxc5 Rdc8 26. c6 Kf7 27. Ke2 Ke7 28. Kf3 e5 29. g3 b5 30. e4 Ke6 31. exf5+ Kxf5 32. Ke3 a5 33. Rc5 b4 34. f4 a4 35. Rxe5+ Kf6 36. Rb5 a3 37. Rxb4 Rxc6 38. Rxc6+ Rxc6 39. Ra4 Rc2 40. Rxa3 Rxh2 41. Ke4 Re2+ 42. Kf3 Rh2 43. Ra6+ Kg7 44. a4 h5 45. a5 Ra2 46. Ra8 Ra3+ 47. Kg2 Ra2+ 48. Kh3 Kf6 49. a6 Kf7 50. a7 Kg7 51. Kh4 Ra5 52. f5 Ra4+ 53. Kxh5 1-0

[Event "Lisbon op 6th"]
[Site "Lisbon"]
[Date "2000.11.25"]
[Round "8"]
[White "Jonkman, Harmen"]
[Black "Rodrigues, Rui"]
[Result "1-0"]
[WhiteElo "2424"]
[BlackElo "2112"]
[PlyCount "109"]
[EventDate "2000.11.18"]
[EventType "swiss"]
[EventRounds "9"]
[EventCountry "POR"]
[SourceTitle "CBM 079 Extra"]
[Source "ChessBase"]
[SourceDate "2001.01.11"]
[SourceVersion "2"]
[SourceVersionDate "2001.01.25"]
[SourceQuality "1"]

1. e4 e6 2. d4 d5 3. e5 c5 4. c3 Nc6 5. Nf3 Bd7 6. Be2 f6 7. 0-0 fxe5 8. Nxe5 Nxe5 9. dxe5 Qc7 10. c4 Qxe5 11. Re1 0-0-0 12. cxd5 exd5 13. Nc3 Nf6 14. g3 Qc7 15. Nxd5 Nxd5 16. Qxd5 Bc6 17. Qf5+ Kb8 18. Be3 Rd5 19. Qc2 Bd6 20. Rad1 Re5 21. Bf4 Rd5 22. Be3 Re5 23. Bf4 Rd5 24. Rxd5 Bxd5 25. Rd1 Bxf4 26. Rxd5 Bd6 27. Qd3 Rd8 28. Qxh7 Be5 29. Rxd8+ Qxd8 30. Qc2 Qf6 31. b3 Bd4 32. Bg4 Qg5 33. Bf3 Qe5 34. Kg2 Qe1 35. h4 Kc7 36. a4 a6 37. Qe2 Qxe2 38. Bxe2 Kc6 39. f4 b5 40. axb5+ axb5 41. Kf3 b4 42. Kg4 Bf2 43. h5 Kd6 44. Kf3 Be1 45. Bc4 Ke7 46. g4 Bd2 47. Ke4 Bc1 48. Ke5 Bd2 49. Kf5 Be3 50. Kg6 Bd4 51. g5 Bc3 52. f5 Bd4 53. h6 gxh6 54. f6+ Kf8 55. gxh6 1-0

[Event "Lisbon op 6th"]
[Site "Lisbon"]
[Date "2000.11.20"]
[Round "3"]
[White "Rodrigues, Rui"]
[Black "Spraggett, Kevin"]
[Result "0-1"]
[WhiteElo "2112"]
[BlackElo "2501"]
[PlyCount "86"]
[EventDate "2000.11.18"]
[EventType "swiss"]
[EventRounds "9"]
[EventCountry "POR"]
[SourceTitle "CBM 079 Extra"]
[Source "ChessBase"]
[SourceDate "2001.01.11"]
[SourceVersion "2"]
[SourceVersionDate "2001.01.25"]
[SourceQuality "1"]

1. d4 Nf6 2. c4 e6 3. Nf3 b6 4. g3 Ba6 5. b3 d5 6. Bg2 Bb4+ 7. Bd2 Be7 8. Bc3 0-0 9. 0-0 Bb7 10. Ne5 Nbd7 11. Nxd7 Qxd7 12. Nd2 c5 13. e3 Rac8 14. Rc1 Rfd8 15. Qe2 Ba6 16. Rfd1 Qe8 17. Rc2 cxd4 18. Bxd4 dxc4 19. Nxc4 Bxc4 20. Rxc4 Rxc4 21. bxc4 Qa4 22. Rc1 Nd7 23. Qc2 Qxc2 24. Rxc2 Rc8 25. Kf1 Kf8 26. Ke2 Bf6 27. Bxf6 Nxf6 28. Kd3 Nd7 29. Kc3 Ke7 30. f4 Rc5 31. Bf3 g6 32. Bg2 Kd6 33. Rd2+ Kc7 34. Kb3 Ra5 35. Bf3 Nc5+ 36. Kb2 Ra4 37. Be2 Rb4+ 38. Kc1 Ne4 39. Rc2 f5 40. Bf1 Kc6 41. Rb2 Kc5 42. Rb3 Rxb3 43. axb3 Kb4 0-1

[Event "POR-ch 56th "]
[Site "Barreiro"]
[Date "2000.09.04"]
[Round "3"]
[White "Morais, Vitor Mestre"]
[Black "Rodrigues, Rui"]
[Result "0-1"]
[WhiteElo "2167"]
[BlackElo "2112"]
[PlyCount "58"]
[EventDate "2000.09.02"]
[EventType "swiss"]
[EventRounds "9"]
[EventCountry "POR"]
[SourceTitle "CBM 077 Extra"]
[Source "ChessBase"]
[SourceDate "2000.09.14"]
[SourceVersion "1"]
[SourceVersionDate "2000.09.14"]
[SourceQuality "1"]

1. e4 e6 2. d4 d5 3. Nc3 Bb4 4. e5 Ne7 5. Bd2 c5 6. Nb5 Bxd2+ 7. Qxd2 0-0 8. c3 Nbc6 9. Nf3 a6 10. Nd6 cxd4 11. cxd4 f6 12. Nxc8 Rxc8 13. exf6 Rxf6 14. Be2 Qb6 15. 0-0 Rcf8 16. Rad1 Ng6 17. Rfe1 Nf4 18. Bf1 h6 19. Re3 Nh3+ 20. Kh1 Ng5 21. Nxg5 Rxf2 22. Qd3 hxg5 23. Rh3 Qxd4 24. Qh7+ Kf7 25. Bd3 Nb4 26. Rc1 Ke7 27. Qg6 Nxd3 28. Qxg5+ Qf6 29. Rc7+ Kd8 0-1

[Event "Lisbon Summer op"]
[Site "Lisbon"]
[Date "2000.08.28"]
[Round "8.16"]
[White "Rodrigues, Rui"]
[Black "Kocic, Sasa"]
[Result "0-1"]
[WhiteElo "2112"]
[BlackElo "2241"]
[PlyCount "78"]
[EventDate "2000.08.21"]
[EventType "swiss"]
[EventRounds "10"]
[EventCountry "POR"]
[SourceTitle "EXT 2001"]
[Source "ChessBase"]
[SourceDate "2000.11.22"]
[SourceVersion "1"]
[SourceVersionDate "2000.11.22"]
[SourceQuality "1"]

1. d4 Nf6 2. c4 e6 3. Nf3 b6 4. g3 Ba6 5. b3 c6 6. Bg2 d5 7. Nbd2 Be7 8. 0-0 0-0 9. Qc2 b5 10. c5 b4 11. Re1 Bb5 12. e4 dxe4 13. Nxe4 Nxe4 14. Rxe4 Nd7 15. Bd2 Nxc5 16. Ree1 Nd7 17. Rac1 Rc8 18. Bf1 Bxf1 19. Rxf1 c5 20. dxc5 Bxc5 21. Qd3 Nf6 22. Qxd8 Rfxd8 23. Rc4 Bf8 24. Rfc1 Rxc4 25. Rxc4 a5 26. Rc7 Ne4 27. Be1 f6 28. Kf1 Rd5 29. Rc4 Nd6 30. Rc7 Nb5 31. Rc4 Kf7 32. Ke2 e5 33. Bd2 h6 34. Ne1 Nd4+ 35. Kd1 e4 36. Kc1 f5 37. Be3 Ne2+ 38. Kb2 Be7 39. Nc2 Bf6+ 0-1

[Event "Porto op 12th"]
[Site "Porto"]
[Date "2000.07.29"]
[Round "8"]
[White "Frois, Antonio"]
[Black "Rodrigues, Rui"]
[Result "1-0"]
[WhiteElo "2346"]
[BlackElo "2112"]
[PlyCount "69"]
[EventDate "2000.07.22"]
[EventType "swiss"]
[EventRounds "9"]
[EventCountry "POR"]
[SourceTitle "EXT 2001"]
[Source "ChessBase"]
[SourceDate "2000.11.22"]
[SourceVersion "1"]
[SourceVersionDate "2000.11.22"]
[SourceQuality "1"]

1. Nf3 Nf6 2. c4 e6 3. g3 b6 4. Bg2 Bb7 5. 0-0 c5 6. Nc3 Be7 7. d4 cxd4 8. Qxd4 d6 9. Rd1 a6 10. Bg5 Nbd7 11. Nd2 Bxg2 12. Kxg2 Rc8 13. Nde4 Rc6 14. Nxf6+ Bxf6 15. Bxf6 Nxf6 16. Rd3 Qc7 17. b3 0-0 18. a4 Nd7 19. Rb1 Nc5 20. Rf3 Rb8 21. h3 h6 22. Kh2 Nd7 23. Na2 Ne5 24. Re3 Rc5 25. Nc3 Rc6 26. Rd1 Nd7 27. Na2 a5 28. Nc3 Rd8 29. Nb5 Qb8 30. Qf4 Nc5 31. Rf3 Rd7 32. e4 Rc8 33. Rxd6 e5 34. Qxe5 Re8 35. Qd5 1-0

[Event "Porto op 12th"]
[Site "Porto"]
[Date "2000.07.24"]
[Round "3"]
[White "Rodrigues, Rui"]
[Black "Hauchard, Arnaud"]
[Result "0-1"]
[WhiteElo "2112"]
[BlackElo "2539"]
[PlyCount "89"]
[EventDate "2000.07.22"]
[EventType "swiss"]
[EventRounds "9"]
[EventCountry "POR"]
[SourceTitle "EXT 2001"]
[Source "ChessBase"]
[SourceDate "2000.11.22"]
[SourceVersion "1"]
[SourceVersionDate "2000.11.22"]
[SourceQuality "1"]

1. d4 Nf6 2. Nf3 e6 3. c4 c5 4. Nc3 cxd4 5. Nxd4 a6 6. a3 d6 7. e4 Be7 8. Be2 0-0 9. Be3 b6 10. 0-0 Bb7 11. f3 Nbd7 12. Rc1 Rc8 13. Qb3 Re8 14. Rfd1 Bf8 15. Bf2 Qc7 16. Qa2 Qb8 17. Bf1 Rc5 18. a4 Rh5 19. h3 Rc5 20. Nb3 Rcc8 21. a5 bxa5 22. Nxa5 Ba8 23. b3 Be7 24. Rb1 Qb4 25. Be1 Qc5+ 26. Bf2 Qg5 27. b4 Ne5 28. Kh1 Nh5 29. Qd2 Ng3+ 30. Bxg3 Qxg3 31. Qe1 Qf4 32. Qd2 Qh4 33. Qe1 Qh5 34. b5 axb5 35. Nxb5 Red8 36. Qb4 Rb8 37. Qa3 Bf8 38. Qa2 Ng6 39. Qf2 Qe5 40. Qd4 Qg3 41. Qd2 h6 42. Qe1 Qe5 43. Qd2 Be7 44. Nb3 Bg5 45. Qf2 0-1

[Event "Lisbon-ch"]
[Site "Lisbon"]
[Date "2000.05.19"]
[Round "4"]
[White "Andrade, Jose Manuel Vieira"]
[Black "Rodrigues, Rui"]
[Result "1/2-1/2"]
[WhiteElo "2196"]
[BlackElo "2128"]
[PlyCount "181"]
[EventDate "2000.05.15"]
[EventType "tourn"]
[EventRounds "11"]
[EventCountry "POR"]
[SourceTitle "EXT 2002"]
[Source "ChessBase"]
[SourceDate "2001.11.25"]
[SourceVersion "1"]
[SourceVersionDate "2001.11.25"]
[SourceQuality "1"]

1. c4 c6 2. e4 d5 3. exd5 Nf6 4. d4 cxd5 5. Nc3 e6 6. Nf3 Bb4 7. Bd3 dxc4 8. Bxc4 0-0 9. 0-0 Nc6 10. Bg5 Be7 11. Rc1 b6 12. Qe2 Bb7 13. Rfd1 Nb4 14. Ne5 Rc8 15. a3 Nbd5 16. Ba6 Nxc3 17. bxc3 Qd5 18. Bxb7 Qxb7 19. a4 Ba3 20. Rc2 Ne4 21. Bd2 Rfd8 22. Be1 Rc7 23. f3 Nf6 24. Ra2 Be7 25. a5 Nd5 26. Qb2 f6 27. Nd3 Rdc8 28. axb6 axb6 29. Qb3 Qc6 30. Rc1 Qc4 31. Qxc4 Rxc4 32. Ra7 Kf7 33. Rb1 Nxc3 34. Rxb6 Nd5 35. Rbb7 R8c7 36. Rxc7 Rxc7 37. Rxc7 Nxc7 38. Bc3 Nd5 39. Bb2 Bd6 40. Kf2 Nf4 41. Nc1 Bb4 42. g3 Nd5 43. Ne2 Kg6 44. f4 h5 45. h3 Bd6 46. Kf3 Kf7 47. Ke4 f5+ 48. Kf3 Nf6 49. Bc3 Ne4 50. Ba5 Be7 51. Bc7 Bd6 52. Bb6 Ke7 53. g4 hxg4+ 54. hxg4 Kf6 55. Bd8+ Kg6 56. Bh4 Nf6 57. Bxf6 gxf6 58. gxf5+ Kxf5 59. Ng3+ Kg6 60. Ne4 Be7 61. Nc3 Kf5 62. Nd1 Bd6 63. Ne3+ Kg6 64. Ke4 f5+ 65. Kf3 Kf6 66. Nc4 Bc7 67. Nd2 Bd6 68. Nf1 Bc7 69. Ng3 Bd6 70. Ke3 Bc7 71. Ne2 Bd6 72. Ng1 Bc7 73. Nf3 Bd6 74. Ne1 Bc7 75. Nd3 Bd6 76. Kd2 Bc7 77. Kc3 Bxf4 78. Nxf4 e5 79. Nd5+ Ke6 80. Nc7+ Kd6 81. Ne8+ Kd5 82. Nf6+ Ke6 83. Nh5 exd4+ 84. Kxd4 f4 85. Ke4 f3 86. Nf4+ Kf6 87. Nd5+ Kg5 88. Ne3 f2 89. Nf1 Kg4 90. Ke3 Kf5 91. Kxf2 1/2-1/2

[Event "Lisbon-ch"]
[Site "Lisbon"]
[Date "2000.05.16"]
[Round "2"]
[White "Oliveira, Luis"]
[Black "Rodrigues, Rui"]
[Result "0-1"]
[WhiteElo "2166"]
[BlackElo "2128"]
[PlyCount "54"]
[EventDate "2000.05.15"]
[EventType "tourn"]
[EventRounds "11"]
[EventCountry "POR"]
[SourceTitle "EXT 2002"]
[Source "ChessBase"]
[SourceDate "2001.11.25"]
[SourceVersion "1"]
[SourceVersionDate "2001.11.25"]
[SourceQuality "1"]

1. e4 c6 2. d4 d5 3. exd5 cxd5 4. c4 Nf6 5. Nc3 e6 6. Nf3 Bb4 7. cxd5 Nxd5 8. Bd2 Nc6 9. Bd3 Be7 10. a3 Bf6 11. Be3 Nxe3 12. fxe3 0-0 13. h4 Re8 14. Qc2 h5 15. 0-0-0 Bd7 16. Rhg1 Rc8 17. g4 hxg4 18. Rxg4 Ne7 19. Ne5 Nd5 20. Nxd7 Qxd7 21. Qf2 Qa4 22. Kd2 Nxc3 23. bxc3 Rxc3 24. Kxc3 Qxd1 25. Qe2 Rc8+ 26. Kb2 Qc1+ 27. Ka2 Rc3 0-1

[Event "Lisbon-ch"]
[Site "Olival Basto"]
[Date "2000.03.31"]
[Round "8"]
[White "Andrade, Jose Manuel Vieira"]
[Black "Rodrigues, Rui"]
[Result "1-0"]
[WhiteElo "2196"]
[BlackElo "2128"]
[PlyCount "77"]
[EventDate "2000.03.15"]
[EventType "swiss"]
[EventRounds "12"]
[EventCountry "POR"]
[SourceTitle "EXT 2001"]
[Source "ChessBase"]
[SourceDate "2000.11.22"]
[SourceVersion "1"]
[SourceVersionDate "2000.11.22"]
[SourceQuality "1"]

1. e4 e6 2. d4 d5 3. Nc3 Bb4 4. exd5 exd5 5. a3 Bxc3+ 6. bxc3 Ne7 7. Nf3 Nbc6 8. Be2 Bg4 9. 0-0 0-0 10. Rb1 Rb8 11. Bg5 f6 12. Be3 Qd7 13. c4 dxc4 14. Bxc4+ Kh8 15. Be2 Nd5 16. Qd2 Rfe8 17. c4 Nxe3 18. fxe3 Re7 19. Rb3 b6 20. h3 Bf5 21. Nh4 Be4 22. Bg4 Qd6 23. Bf5 g6 24. Bxe4 Rxe4 25. Qf2 Kg7 26. Rc3 Rbe8 27. Nf3 Ne7 28. Ng5 Nf5 29. Nxe4 Rxe4 30. c5 bxc5 31. Rfc1 cxd4 32. Rxc7+ Kh6 33. exd4 Nxd4 34. Qd2+ g5 35. Kh1 Qg3 36. Qb4 Nf3 37. Qf8+ Kg6 38. Qf7+ Kf5 39. R7c5+ 1-0

[Event "Lisbon-ch"]
[Site "Olival Basto"]
[Date "2000.03.22"]
[Round "4"]
[White "Rodrigues, Rui"]
[Black "Peixoto, Antonio Pedro B Dua"]
[Result "0-1"]
[WhiteElo "2128"]
[BlackElo "2082"]
[PlyCount "74"]
[EventDate "2000.03.15"]
[EventType "swiss"]
[EventRounds "12"]
[EventCountry "POR"]
[SourceTitle "EXT 2001"]
[Source "ChessBase"]
[SourceDate "2000.11.22"]
[SourceVersion "1"]
[SourceVersionDate "2000.11.22"]
[SourceQuality "1"]

1. d4 f5 2. c4 Nf6 3. Nf3 e6 4. Nc3 Bb4 5. Bd2 0-0 6. g3 b6 7. Bg2 Bb7 8. 0-0 d6 9. Rc1 Nbd7 10. d5 e5 11. Qc2 Bxc3 12. Bxc3 Ng4 13. Bd2 Nc5 14. b4 Ne4 15. Be1 Qf6 16. h3 Nh6 17. Nd2 Ng5 18. f4 Ngf7 19. e3 g5 20. Nb3 Qg6 21. Bc3 Rae8 22. Rce1 Bc8 23. Re2 Re7 24. Bb2 Rfe8 25. Rfe1 Bd7 26. Nc1 Nh8 27. Nd3 N6f7 28. Qd1 h5 29. fxe5 dxe5 30. Rf2 Qh6 31. Kh2 Ng6 32. Bf1 e4 33. Nc1 Nge5 34. Be2 g4 35. Qd4 h4 36. hxg4 Ng5 37. Kg2 Ngf3 0-1

[Event "Lisbon op"]
[Site "Lisbon"]
[Date "2000.02.24"]
[Round "6"]
[White "Santos, Julio Fernandes"]
[Black "Rodrigues, Rui"]
[Result "1/2-1/2"]
[WhiteElo "2058"]
[BlackElo "2128"]
[PlyCount "46"]
[EventDate "2000.??.??"]
[EventType "swiss"]
[EventRounds "6"]
[EventCountry "POR"]
[SourceTitle "EXT 2001"]
[Source "ChessBase"]
[SourceDate "2000.11.22"]
[SourceVersion "1"]
[SourceVersionDate "2000.11.22"]
[SourceQuality "1"]

1. e4 e6 2. d4 d5 3. Nd2 Nc6 4. c3 e5 5. exd5 Qxd5 6. dxe5 Nxe5 7. Qe2 Be6 8. Ngf3 Nxf3+ 9. Nxf3 0-0-0 10. Nd4 Nf6 11. Be3 Bg4 12. Qc4 Bc5 13. h3 Bh5 14. Qxd5 Nxd5 15. g4 Nxe3 16. fxe3 Bg6 17. Bg2 Rhe8 18. Kf2 Be7 19. h4 c5 20. Nf3 Be4 21. Ke2 Bd3+ 22. Kf2 Be4 23. Ke2 Bd3+ 1/2-1/2

[Event "Faro op"]
[Site "Algarve"]
[Date "1999.08.16"]
[Round "7"]
[White "Rodrigues, Rui"]
[Black "Rodrigues, Luis"]
[Result "1-0"]
[WhiteElo "2171"]
[BlackElo "2185"]
[PlyCount "65"]
[EventDate "1999.08.10"]
[EventType "swiss"]
[EventRounds "9"]
[EventCountry "POR"]
[SourceTitle "EXT 2002"]
[Source "ChessBase"]
[SourceDate "2001.11.25"]
[SourceVersion "1"]
[SourceVersionDate "2001.11.25"]
[SourceQuality "1"]

1. d4 d5 2. c4 c6 3. Nf3 e6 4. Nc3 dxc4 5. e3 b5 6. a4 Bb4 7. Bd2 Bxc3 8. Bxc3 Ne7 9. axb5 cxb5 10. b3 Nbc6 11. bxc4 b4 12. Bb2 a5 13. Bd3 Bb7 14. 0-0 0-0 15. d5 exd5 16. Bxh7+ Kxh7 17. Ng5+ Kh6 18. Qg4 d4 19. exd4 Nxd4 20. Bxd4 Nf5 21. Bb2 Bc8 22. Bc1 Qb6 23. Ne6+ Kh7 24. Nxf8+ Kg8 25. Qe4 Qa6 26. Bf4 Kxf8 27. Rfb1 Qb7 28. Qxb7 Bxb7 29. Bc7 Be4 30. Re1 Bc2 31. Bxa5 b3 32. Bb4+ Kg8 33. Rxa8+ 1-0

[Event "Faro op"]
[Site "Algarve"]
[Date "1999.08.14"]
[Round "5"]
[White "Rodrigues, Rui"]
[Black "Georgiev, Vladimir"]
[Result "0-1"]
[WhiteElo "2171"]
[BlackElo "2519"]
[PlyCount "30"]
[EventDate "1999.08.10"]
[EventType "swiss"]
[EventRounds "9"]
[EventCountry "POR"]
[SourceTitle "EXT 2000"]
[Source "ChessBase"]
[SourceDate "1999.11.16"]
[SourceVersion "1"]
[SourceVersionDate "1999.11.16"]
[SourceQuality "1"]

1. d4 Nf6 2. c4 d6 3. Nf3 g6 4. Nc3 Bf5 5. g3 Ne4 6. Bd2 Bg7 7. Bg2 Nxc3 8. Bxc3 Be4 9. 0-0 0-0 10. Rc1 d5 11. Ne5 Bxg2 12. Kxg2 dxc4 13. Qa4 Qd5+ 14. Kg1 b5 15. e4 Qxe5 0-1

[Event "Figueira da Foz Honra"]
[Site "Figueira da Foz"]
[Date "1999.??.??"]
[Round "7"]
[White "Alho, Diogo Henriques"]
[Black "Rodrigues, Rui"]
[Result "1/2-1/2"]
[WhiteElo "2000"]
[BlackElo "2160"]
[PlyCount "83"]
[EventDate "1999.??.??"]
[EventType "tourn"]
[EventRounds "9"]
[EventCountry "POR"]
[SourceTitle "EXT 2000"]
[Source "ChessBase"]
[SourceDate "1999.11.16"]
[SourceVersion "1"]
[SourceVersionDate "1999.11.16"]
[SourceQuality "1"]

1. e4 Nf6 2. Nc3 d5 3. exd5 Nxd5 4. Bc4 Nb6 5. Bb3 Nc6 6. Nf3 Bf5 7. 0-0 e6 8. d4 Be7 9. Bf4 0-0 10. h3 Bf6 11. Nb5 Rc8 12. c3 a6 13. Na3 Nd5 14. Bg3 Na5 15. Re1 c5 16. Be5 cxd4 17. Nxd4 Bg6 18. Qg4 Nxb3 19. axb3 Bxe5 20. Rxe5 Nf6 21. Qf3 Qc7 22. Rae1 Rfd8 23. h4 h6 24. g4 Rd5 25. Nc4 b5 26. Rxd5 Nxd5 27. Ne5 Bh7 28. g5 hxg5 29. hxg5 Re8 30. g6 fxg6 31. Nd3 Qd6 32. Qg4 g5 33. Ne5 Nf4 34. Re3 Qd8 35. Nef3 Bf5 36. Nxf5 exf5 37. Rxe8+ Qxe8 38. Qxf5 Qh5 39. Qc8+ Kh7 40. Qf5+ Kg8 41. Qc8+ Kh7 42. Qf5+ 1/2-1/2

[Event "Figueira da Foz Honra"]
[Site "Figueira da Foz"]
[Date "1999.??.??"]
[Round "1"]
[White "Mendes, Joao Rui"]
[Black "Rodrigues, Rui"]
[Result "0-1"]
[WhiteElo "2000"]
[BlackElo "2160"]
[PlyCount "52"]
[EventDate "1999.??.??"]
[EventType "tourn"]
[EventRounds "9"]
[EventCountry "POR"]
[SourceTitle "EXT 2000"]
[Source "ChessBase"]
[SourceDate "1999.11.16"]
[SourceVersion "1"]
[SourceVersionDate "1999.11.16"]
[SourceQuality "1"]

1. e4 Nf6 2. e5 Nd5 3. d4 d6 4. c4 Nb6 5. f4 dxe5 6. fxe5 Nc6 7. Be3 Bf5 8. Nc3 e6 9. Nf3 Qd7 10. d5 exd5 11. cxd5 Nb4 12. Nd4 N6xd5 13. Nxf5 0-0-0 14. Nd6+ Bxd6 15. Nxd5 Nxd5 16. Bxa7 Bxe5 17. Qb3 Nf4 18. Be3 Rhe8 19. Qa3 Qd2+ 20. Bxd2 Bxb2+ 21. Qe3 Bxa1 22. Kf2 Bd4 23. g3 Bxe3+ 24. Bxe3 Nd3+ 25. Kf3 Ne5+ 26. Kf2 Ng4+ 0-1

[Event "Figueira da Foz Honra"]
[Site "Figueira da Foz"]
[Date "1999.??.??"]
[Round "5"]
[White "Morais, Mario"]
[Black "Rodrigues, Rui"]
[Result "0-1"]
[WhiteElo "2000"]
[BlackElo "2160"]
[PlyCount "126"]
[EventDate "1999.??.??"]
[EventType "tourn"]
[EventRounds "9"]
[EventCountry "POR"]
[SourceTitle "EXT 2000"]
[Source "ChessBase"]
[SourceDate "1999.11.16"]
[SourceVersion "1"]
[SourceVersionDate "1999.11.16"]
[SourceQuality "1"]

1. e4 Nf6 2. e5 Nd5 3. d4 d6 4. c4 Nb6 5. exd6 exd6 6. h3 Be7 7. Be3 Bf5 8. Qf3 Bxb1 9. Rxb1 Nc6 10. Qd1 0-0 11. Nf3 Bf6 12. Be2 Re8 13. 0-0 d5 14. b3 Ne7 15. c5 Nd7 16. Bd3 Nf8 17. Qe2 g6 18. b4 c6 19. a4 Qc7 20. Qd2 Ne6 21. Rb3 a6 22. Rfb1 Reb8 23. Bc2 Bg7 24. Nh2 f5 25. f4 Re8 26. Nf3 Kh8 27. b5 axb5 28. axb5 Rab8 29. Ng5 Nd8 30. Bf2 h6 31. Nf3 Ne6 32. Ne5 Kh7 33. Re1 Nd8 34. b6 Qc8 35. Rbe3 Ng8 36. Bh4 Ne6 37. R3e2 Nf6 38. Bxf6 Bxf6 39. g4 Ng7 40. g5 hxg5 41. fxg5 Bxe5 42. Rxe5 Rxe5 43. Rxe5 Qd7 44. Qf4 Re8 45. Bd3 Qc8 46. Kf2 Qa8 47. Rxe8 Qxe8 48. Qe5 Qxe5 49. dxe5 Ne6 50. h4 Nxc5 51. Bc2 d4 52. Kf3 Kg7 53. h5 gxh5 54. Bxf5 Kf7 55. g6+ Kg7 56. Kf4 d3 57. Kg5 d2 58. Bc2 Ne6+ 59. Kxh5 c5 60. Kg4 Nd4 61. Bd1 c4 62. Kf4 c3 63. e6 c2 0-1

[Event "Figueira da Foz Honra"]
[Site "Figueira da Foz"]
[Date "1999.??.??"]
[Round "4"]
[White "Rodrigues, Rui"]
[Black "Babo, Miguel Carranca Fei"]
[Result "1-0"]
[WhiteElo "2160"]
[BlackElo "2000"]
[PlyCount "101"]
[EventDate "1999.??.??"]
[EventType "tourn"]
[EventRounds "9"]
[EventCountry "POR"]
[SourceTitle "EXT 2000"]
[Source "ChessBase"]
[SourceDate "1999.11.16"]
[SourceVersion "1"]
[SourceVersionDate "1999.11.16"]
[SourceQuality "1"]

1. d4 d5 2. c4 c6 3. Nc3 Nf6 4. Nf3 e6 5. Bg5 dxc4 6. e4 b5 7. e5 h6 8. Bh4 g5 9. Nxg5 hxg5 10. Bxg5 Nbd7 11. g3 Rg8 12. Bxf6 Nxf6 13. exf6 Qxf6 14. Bg2 Bd7 15. Nxb5 Rb8 16. Nc3 Rxb2 17. 0-0 Qh6 18. Rb1 Rh8 19. h4 Rxb1 20. Qxb1 Qd2 21. Qb8+ Ke7 22. Qb4+ Ke8 23. Qb8+ Ke7 24. Qb4+ Ke8 25. Qxc4 c5 26. Rd1 Qh6 27. dxc5 e5 28. c6 Bc8 29. Qd5 Qf6 30. c7 Be7 31. Qa8 Qa6 32. Bh3 f5 33. Bxf5 Kf7 34. Qd5+ Be6 35. Bxe6+ Qxe6 36. Qxe6+ Kxe6 37. Nb5 Rc8 38. Rc1 Kd7 39. Rd1+ Ke6 40. Rc1 Kd7 41. Nxa7 Rxc7 42. Rxc7+ Kxc7 43. Nb5+ Kc6 44. Nc3 Kc5 45. f3 Kc4 46. Ne4 Bb4 47. Kg2 Kd5 48. h5 Ke6 49. Kh3 Kf7 50. Kg4 Be1 51. Kf5 1-0

[Event "Lisbon-ch+"]
[Site "Lisbon"]
[Date "1998.05.19"]
[Round "2"]
[White "Neto, Horacio"]
[Black "Rodrigues, Rui"]
[Result "0-1"]
[WhiteElo "2175"]
[BlackElo "2155"]
[PlyCount "38"]
[EventDate "1998.05.??"]
[EventType "tourn"]
[EventRounds "1"]
[EventCountry "POR"]
[SourceTitle "EXT 1999"]
[Source "ChessBase"]
[SourceDate "1998.11.16"]
[SourceVersion "1"]
[SourceVersionDate "1998.11.16"]
[SourceQuality "1"]

1. Nf3 Nf6 2. c4 e6 3. Nc3 c5 4. g3 b6 5. Bg2 Bb7 6. 0-0 Be7 7. d4 cxd4 8. Qxd4 0-0 9. Rd1 Nc6 10. Qf4 d6 11. b3 Qb8 12. Bb2 Ne5 13. e4 Ng6 14. Qe3 Rd8 15. h3 Qc7 16. Rac1 Rac8 17. Nd4 Qb8 18. Kh2 Ne5 19. f4 Neg4+ 0-1